Thinking with water / (Record no. 9804)
[ view plain ]
| 000 -LEADER | |
|---|---|
| fixed length control field | 02020nam a2200493 i 4500 |
| 001 - CONTROL NUMBER | |
| control field | EBC3332637 |
| 003 - CONTROL NUMBER IDENTIFIER | |
| control field | MiAaPQ |
| 005 - DATE AND TIME OF LATEST TRANSACTION | |
| control field | 20250623124011.0 |
| 006 - FIXED-LENGTH DATA ELEMENTS--ADDITIONAL MATERIAL CHARACTERISTICS | |
| fixed length control field | m o d | |
| 007 - PHYSICAL DESCRIPTION FIXED FIELD--GENERAL INFORMATION | |
| fixed length control field | cr cnu|||||||| |
| 008 - FIXED-LENGTH DATA ELEMENTS--GENERAL INFORMATION | |
| fixed length control field | 131109s2013 qucaf ob 001 0 eng d |
| 020 ## - INTERNATIONAL STANDARD BOOK NUMBER | |
| Canceled/invalid ISBN | 9780773541795 |
| 020 ## - INTERNATIONAL STANDARD BOOK NUMBER | |
| Canceled/invalid ISBN | 9780773541801 |
| 020 ## - INTERNATIONAL STANDARD BOOK NUMBER | |
| International Standard Book Number | 9780773589339 |
| Qualifying information | (electronic bk.) |
| 020 ## - INTERNATIONAL STANDARD BOOK NUMBER | |
| International Standard Book Number | 9780773589346 |
| Qualifying information | (electronic bk.) |
| 035 ## - SYSTEM CONTROL NUMBER | |
| System control number | (MiAaPQ)EBC3332637 |
| 035 ## - SYSTEM CONTROL NUMBER | |
| System control number | (Au-PeEL)EBL3332637 |
| 035 ## - SYSTEM CONTROL NUMBER | |
| System control number | (CaPaEBR)ebr10787150 |
| 035 ## - SYSTEM CONTROL NUMBER | |
| System control number | (OCoLC)865475171 |
| 040 ## - CATALOGING SOURCE | |
| Original cataloging agency | MiAaPQ |
| Language of cataloging | eng |
| Description conventions | rda |
| -- | pn |
| Transcribing agency | MiAaPQ |
| Modifying agency | MiAaPQ |
| 050 #4 - LIBRARY OF CONGRESS CALL NUMBER | |
| Classification number | GB671 |
| Item number | .T456 2013 |
| 082 0# - DEWEY DECIMAL CLASSIFICATION NUMBER | |
| Classification number | 553.7 |
| Edition number | 23 |
| 245 00 - TITLE STATEMENT | |
| Title | Thinking with water / |
| Statement of responsibility, etc. | edited by Cecilia Chen, Janine MacLeod, Astrida Neimanis ; contributor Elab Gisle Trudel [and twenty-two others]. |
| 264 #1 - PRODUCTION, PUBLICATION, DISTRIBUTION, MANUFACTURE, AND COPYRIGHT NOTICE | |
| Place of production, publication, distribution, manufacture | Montreal, Quebec : |
| Name of producer, publisher, distributor, manufacturer | McGill-Queen's University Press, |
| Date of production, publication, distribution, manufacture, or copyright notice | 2013. |
| 264 #4 - PRODUCTION, PUBLICATION, DISTRIBUTION, MANUFACTURE, AND COPYRIGHT NOTICE | |
| Date of production, publication, distribution, manufacture, or copyright notice | 2013 |
| 300 ## - PHYSICAL DESCRIPTION | |
| Extent | 1 online resource (xiv, 366 pages, [20.4] pages of plates) : |
| Other physical details | illustrations |
| 336 ## - CONTENT TYPE | |
| Content type term | text |
| Source | rdacontent |
| 337 ## - MEDIA TYPE | |
| Media type term | computer |
| Source | rdamedia |
| 338 ## - CARRIER TYPE | |
| Carrier type term | online resource |
| Source | rdacarrier |
| 504 ## - BIBLIOGRAPHY, ETC. NOTE | |
| Bibliography, etc. note | Includes bibliographical references and index. |
| 588 ## - SOURCE OF DESCRIPTION NOTE | |
| Source of description note | Description based on online resource; title from PDF title page (ebrary, viewed November 9, 2013). |
| 590 ## - LOCAL NOTE (RLIN) | |
| Local note | Electronic reproduction. Ann Arbor, MI : ProQuest, 2015. Available via World Wide Web. Access may be limited to ProQuest affiliated libraries. |
| 650 #0 - SUBJECT ADDED ENTRY--TOPICAL TERM | |
| Topical term or geographic name entry element | Water. |
| 650 #0 - SUBJECT ADDED ENTRY--TOPICAL TERM | |
| Topical term or geographic name entry element | Water |
| General subdivision | Social aspects. |
| 650 #0 - SUBJECT ADDED ENTRY--TOPICAL TERM | |
| Topical term or geographic name entry element | Water |
| General subdivision | Environmental aspects. |
| 655 #4 - INDEX TERM--GENRE/FORM | |
| Genre/form data or focus term | Electronic books. |
| 9 (RLIN) | 2203 |
| 700 1# - ADDED ENTRY--PERSONAL NAME | |
| Personal name | Chen, Cecilia. |
| 9 (RLIN) | 6638 |
| 700 1# - ADDED ENTRY--PERSONAL NAME | |
| Personal name | MacLeod, Janine. |
| 9 (RLIN) | 1062 |
| 700 1# - ADDED ENTRY--PERSONAL NAME | |
| Personal name | Neimanis, Astrida. |
| 700 1# - ADDED ENTRY--PERSONAL NAME | |
| Personal name | Trudel, Elab Gisle. |
| 9 (RLIN) | 20105 |
| 776 08 - ADDITIONAL PHYSICAL FORM ENTRY | |
| Relationship information | Print version: |
| Title | Thinking with water. |
| Place, publisher, and date of publication | Montreal, Quebec : McGill-Queen's University Press, c2013 |
| Physical description | xiv, 351 pages |
| International Standard Book Number | 9780773541795 |
| 797 2# - LOCAL ADDED ENTRY--CORPORATE NAME (RLIN) | |
| Corporate name or jurisdiction name as entry element | ProQuest (Firm) |
| 856 40 - ELECTRONIC LOCATION AND ACCESS | |
| Uniform Resource Identifier | <a href="https://ebookcentral.proquest.com/lib/artjam/detail.action?docID=3332637">https://ebookcentral.proquest.com/lib/artjam/detail.action?docID=3332637</a> |
| Public note | Click to View |
No items available.